El poder temporal de los papas, justificado por la historia. Estudio sobre el origen, ...

Detalles Bibliográficos
Autor principal: Mathieu ( Cardenal )
Formato: Libro
Publicado: Madrid 1865
Materias:
Colección:Banco de datos
Acervo:Biblioteca del Ex Convento de Nuestra Señora de Guadalupe. Zacatecas
Descripción Física:t. II
Tema general:Pontífices
Notas:Buena. XIX,9,8 (6308)
LEADER 00749nam a22002050004500
035 |a 43303 
036 |a 4487 
100 1 |a Mathieu ( Cardenal ) 
245 1 0 |a El poder temporal de los papas, justificado por la historia. Estudio sobre el origen, ...  |c tr. Cipriano Sevillano 
260 |a Madrid  |b imp. Eusebio Aguado  |c 1865 
300 |a t. II 
500 |a Buena. XIX,9,8 (6308) 
650 1 0 |a Pontífices 
949 |a CRZ-CG 
959 |a Ex convento de Nuestra Señora de Guadalupe, Museo Regional de Zacatecas, Zacatecas  |b CCC4 
960 |a Convento de Nuestra Señora de Guadalupe, Zacatecas  |b DD87 
961 |a Franciscana  |b OF 
942 |c CRZ-CG 
943 |g Biblioteca del Ex Convento de Nuestra Señora de Guadalupe. Zacatecas 
999 |c 967430  |d 967430